Paroles "Je veux savoir" - Tarzan (Disney) - Statistiques

Statistiques générales
  • Ce quiz a été pris 1 676 fois
  • Le résultat moyen est 128 sur 182
Statistiques - réponses
Réponse % Correct
je
99%
savoir
98%
veux
98%
ce
97%
moi
97%
mon
97%
le
95%
a
94%
à
94%
ces
93%
qui
93%
et
91%
les
86%
étrangers
85%
que
85%
comme
84%
tu
81%
Tout
79%
tout
79%
de
78%
ne
77%
montre-les
76%
seraient
76%
fait
75%
pas
75%
il
74%
sais
74%
fais
73%
ma
73%
pour
73%
me
71%
pareils
71%
apprends-moi
70%
chose
70%
y
70%
connais
68%
inconnus
67%
ferai
66%
si
66%
choses
65%
tant
65%
loin
64%
vois
62%
mais
61%
autre
60%
des
60%
plus
60%
dans
59%
près
59%
autres
58%
rien
58%
encore
57%
est
57%
n'est
57%
pourtant
56%
quelque
56%
monde
55%
là-bas
54%
tous
53%
voient
53%
voir
52%
faits
51%
coeur
50%
toi
50%
grand
48%
main
48%
un
48%
prends
47%
tes
45%
très
45%
font
44%
frissons
44%
mien
44%
semblant
44%
beau
43%
qu'elle
43%
toutes
43%
gestes
42%
rêves
42%
d'ici
41%
ressent
41%
sens
41%
toujours
41%
corps
40%
pourquoi
40%
d'elle
39%
d'être
39%
nouvelles
39%
besoin
38%
émotions
38%
vers
37%
horizon
36%
nuages
35%
mouvements
34%
nouveau
33%
au-delà
32%
devant
31%
viens
31%
arbres
29%
ressens-tu
25%
Aucun quiz correspondant
Distribution des résultats
% des personnes avec chaque résultat
Percentile par nombre de réponses
Votre historique - résultats
Vous n’avez pas pris ce quiz